Seguimiento de niños con retraso lector severo.

Guardado en:
Detalles Bibliográficos
Autor principal: Bravo Valdivieso, Luis (autor)
Otros autores: Bermeosolo, Jaime (autor) (autor), Pinto, Arturo (autor) (autor)
Formato: Libro
Idioma:Español
Temas:
Acceso en línea:Ver documento en línea
Etiquetas: Agrega una etiqueta
Sin etiquetas, Sé el primero en etiquetar este registro!

MARC

LEADER 00000cam^a2200000uu^4500
001 000529392
005 20260411000000.0
008 052102s2003^^^^^^^^^^^^rd^r^1000^0^spa^d
009 20260411194935.23
035 |a FCE 000073639 
037 |a Acervo ITESO - Biblioteca 
041 |a spa 
095 |a CD 393 
100 |a Bravo Valdivieso, Luis  |e (autor) 
245 1 0 |a Seguimiento de niños con retraso lector severo.  |h [recurso electrónico] 
264 |a Madrid :  |b Infancia y aprendizaje,  |c 1996. 
300 |a 1 disco compacto (pp. 3-12) :  |c 4 3/4 pulg. 
336 |a texto  |b txt  |2 rdacontenido 
337 |a sin mediación  |b n  |2 rdamedio 
338 |a volumen  |b nc  |2 rdasoporte 
649 |a XX 
650 |a Dislexia 
650 |a Retraso 
650 |a Dificultad en la lectura 
650 |a Fonología 
650 |a Chile 
740 |t En: Infancia y aprendizaje. 
740 |t Reduc: Documentos electrónicos. 
700 |a Bermeosolo, Jaime  |e (autor) 
700 |a Pinto, Arturo  |e (autor) 
856 4 0 |u https://biblioteca.uahurtado.cl/ujah/reduc/pdf/pdf/7968.pdf  |y Ver documento en línea 
910 |a Fondo Centro de Estudios Educativos 
920 |a Impresos - Libros 
930 |a Fondos Especiales 
905 |a 133 
902 |a https://opac.biblio.iteso.mx/vufind/Record/000529392